The corpse on the dike / (Record no. 130360)

MARC details
000 -LEADER
fixed length control field 00586nam a22002177a 4500
005 - DATE AND TIME OF LATEST TRANSACTION
control field 20170124110110.0
010 ## - LIBRARY OF CONGRESS CONTROL NUMBER
LC control number 846966
020 ## - INTERNATIONAL STANDARD BOOK NUMBER
Terms of availability 00.00
035 ## - SYSTEM CONTROL NUMBER
System control number 846966
037 ## - SOURCE OF ACQUISITION
Source of stock number/acquisition Cen Lib/Ret
040 ## - CATALOGING SOURCE
Original cataloging agency DPL
Language of cataloging EN
082 ## - DEWEY DECIMAL CLASSIFICATION NUMBER
Classification number N
Item number VAN
100 ## - MAIN ENTRY--PERSONAL NAME
Personal name Van De Weltering, Janwillem
9 (RLIN) 29006
245 ## - TITLE STATEMENT
Title The corpse on the dike /
Statement of responsibility, etc by Janwillem Van De Weltering
260 ## - PUBLICATION, DISTRIBUTION, ETC. (IMPRINT)
Place of publication, distribution, etc William Heinemann
Name of publisher, distributor, etc London
Date of publication, distribution, etc 1977
270 ## - ADDRESS
City London
Address 15 Queen Street, Mayfair
300 ## - PHYSICAL DESCRIPTION
Extent 182p.
Dimensions 19cm(Hb)
650 ## - SUBJECT ADDED ENTRY--TOPICAL TERM
Topical term or geographic name as entry element literature
9 (RLIN) 6262
650 ## - SUBJECT ADDED ENTRY--TOPICAL TERM
Topical term or geographic name as entry element Novels
9 (RLIN) 13976
942 ## - ADDED ENTRY ELEMENTS (KOHA)
Source of classification or shelving scheme Dewey Decimal Classification
Koha item type English Books
Classification part N
Call number suffix VAN
Holdings
Withdrawn status Lost status Damaged status Not for loan Home library Current library Date acquired Source of acquisition Cost, normal purchase price Total Checkouts Full call number Barcode Date last seen Copy number Cost, replacement price Price effective from Koha item type Public note
Written off       Central Library Central Library 09/07/2015 Cen Lib/Ret 0.00   N VAN 846966 09/07/2015 1 0.00 09/07/2015 English Books Written off on approval by DLB (By Circulation); dtd 15-06-2023

© Delhi Public Library
Hit Counter
free hit counter